Arte y oficio del teatro

Zapisane w:
Opis bibliograficzny
1. autor: Ayckbourn, Alan (Autor)
Format: Książka
Język:hiszpański
Wydane: Barcelona Robinbook 2004
Seria:Creación
Hasła przedmiotowe:
Etykiety: Dodaj etykietę
Nie ma etykietki, Dołącz pierwszą etykiete!

MARC

LEADER 00000nam a2200000 a 4500
001 UCK0457
003 CL-VaPUC
008 041008e20040000SP |||||||||||||||||spa|d
020 |a 849622211X 
082 0 4 |a 792.02  |b AYC  |2 21 
100 0 |a Ayckbourn, Alan  |e author  |9 488422 
245 1 0 |a Arte y oficio del teatro 
300 |a 190 p 
942 |c BK 
945 |d 20041008 00:00:00  |a cmena 
260 |a Barcelona  |b Robinbook  |c 2004 
650 0 |a Teatro  |9 265385 
650 7 |a PUESTA EN ESCENA Y ESCENOGRAFIA  |2 CL-VaPUC  |9 488423 
650 0 |a Artes escénicas  |9 318853 
583 |a last modification  |c 20041008 00:00:00  |k Rodrigo Vera 
490 0 |a Creación 
999 |c 310895  |d 310893 
952 |0 0  |1 0  |4 0  |6 792_020000000000000_AYC_2004  |7 0  |8 A  |9 379938  |a BIBEDU  |b BIBEDU  |d 2019-11-21  |i 4059409  |l 1  |o 792.02 AYC 2004  |p 4059409  |r 2023-10-25  |s 2023-10-18  |w 2019-11-21  |y BK  |k LIT